Wie nennt man die Einwohner von ...? (Werra-Meißner-Kreis) - Statistiken

Allgemein
  • Dieses Quiz wurde 9 mal gespielt
  • Das Durchschnittsergebnis liegt bei 12 aus 27
Antwortstatistiken
Gemeinde Ort Antwort % Korrekt
Meinhard Grebendorf Sandhasen
100%
Wehretal Reichensachsen Wichtel
100%
Eschwege Oberdünzebach Affendünzebach
50%
Bad Sooden-Allendorf Hilgershausen Ägypter|Azemänner
50%
Eschwege Eschwege Dietemänner
50%
Berkatal Frankershausen Dippenschisser
50%
Großalmerode Großalmerode Dondüppchen
50%
Hessisch Lichtenau Retterode Donnerwetter
50%
Weißenborn Weißenborn Dörnermänner
50%
Hessisch Lichtenau Velmeden Eisenkuchen
50%
Waldkappel Waldkappel Eulenfänger
50%
Ringgau Datterode Gansekerle
50%
Waldkappel Mäckelsdorf Gelbe Rüben
50%
Sontra Wichmannshausen Giggelhühner
50%
Eschwege Niederhone Habberstripser
50%
Hessisch Lichtenau Hausen Hanghühner
50%
Meinhard Neuerode Klippenfüchse
50%
Wanfried Heldra Kuckucke
50%
Weißenborn Rambach Mattenklicker
50%
Bad Sooden-Allendorf Kammerbach Russen
50%
Bad Sooden-Allendorf Bad Sooden-Allendorf Salzträger
50%
Wanfried Wanfried Brombeermänner
0%
Hessisch Lichtenau Hessisch Lichtenau Karpfenfänger
0%
Hessisch Lichtenau Walburg Klumpen
0%
Meinhard Jestädt Kohlrabenhälse
0%
Witzenhausen Dudenrode Mohnköpfe
0%
Eschwege Albungen Plätscherenten
0%
Keine übereinstimmenden Quizze gefunden
Verteilung der Resultate
Anzahl Personen mit jedem Resultat
Perzentil nach korrekt beantworteten Fragen
Ihre Resultats-Entwicklung
Sie haben dieses Quiz noch nicht gespielt